000 00426nam a22001697a 4500
999 _c307
_d307
005 20210831105741.0
008 160429b xxu||||| |||| 00| 0 eng d
020 _a81-259-0881-1
041 _aeng
082 _b00929
_a331
100 _aSrivastava S.C.
_96839
245 _aIndustrial Reletions & Labour laws.
260 _bVikas Publishing house Pvt. Ltd.
_c2004
300 _a716
650 _aManagement
_9241
942 _cBK